Vista normal
Vista MARC
Entrada Personal Name
Número de registros utilizados en: 1
001 - CONTROL NUMBER
- control field: 16874
003 - CONTROL NUMBER IDENTIFIER
- control field: DLC
005 - DATE AND TIME OF LATEST TRANSACTION
- control field: 20250318094327.0
008 - FIXED-LENGTH DATA ELEMENTS
- fixed length control field: 010504n| acannaabn |n aaa
010 ## - LIBRARY OF CONGRESS CONTROL NUMBER
- LC control number: n 2001105335
040 ## - CATALOGING SOURCE
- Original cataloging agency: DLC
- Language of cataloging: spa
- Transcribing agency: Mx-PuUPA
- Modifying agency: DLC
- Modifying agency: Mx-PuUPA
- Description conventions: rda
100 1# - HEADING--PERSONAL NAME
- Personal name: Welborn, Amy,
374 ## - OCCUPATION
- Occupation: Autor
375 ## - GENDER
- Gender: hombre
377 ## - ASSOCIATED LANGUAGE
- Language code: eng
670 ## - SOURCE DATA FOUND
- Source citation: Welborn, Amy. The Loyola kids book of saints, 2001:
- Information found: CIP t.p. (Amy Welborn)
670 ## - SOURCE DATA FOUND
- Source citation: Prove it! Jesus, c2002:
- Information found: t.p. (Amy Welborn) p. 127 (M.A. , Vanderbilt Univ.)